Football: Palmarès Européen 2023-2024 - Statistiques

Statistiques générales
  • Ce quiz a été pris 671 fois
  • Le résultat moyen est 18 sur 27
Statistiques - réponses
Réponse % Correct
Real Madrid
99%
Bayer Leverkusen
96%
Manchester City
96%
Paris SG
93%
Manchester United
89%
Inter Milan
88%
Liverpool
83%
Atalanta Bergame
81%
FC Porto
81%
Juventus Turin
80%
PSV Eindhoven
78%
Sporting CP
77%
Celtic Glasgow
72%
Galatasaray
72%
Olympiakos
70%
Glasgow Rangers
67%
Athletic Bilbao
60%
Young Boys Berne
60%
Club Bruges
58%
Feyenoord Rotterdam
56%
Besiktas
49%
Sparta Prague
38%
Royale Union Saint-Gilloise
34%
Panathinaïkos
33%
PAOK Salonique
29%
Servette Genève FC
28%
SK Sturm Graz
26%
Aucun quiz correspondant
Distribution des résultats
% des personnes avec chaque résultat
Percentile par nombre de réponses
Votre historique - résultats
Vous n’avez pas pris ce quiz